000 00474nam a2200181Ia 4500
005 20250923144502.0
008 008 250917s9999 xx 000 0 eng d
037 _aTextual
040 _aDSWL
_beng
_cDSWL
041 _aeng
_2eng
084 _qDSWL
100 _aBrennan, T
_9825379
245 0 _aSocial change in south-west wales
_cby T Brennan
260 _aLondon
_bWalts & Co
_c1954
300 _aviii,200p.
942 _cTEXL
999 _c1439487
_d1439487